000 00834nam a2200193 a 4500
008 060410s2011 ||||||||||||||||| || u
020 _a9789210552356
022 _a1010964X
050 _aUN-ESCWA(05)NAS
110 _aUnited Nations Economic and Social Commission for Western Asia (ESCWA)
245 1 0 _aNational accounts studies of the ESCWA region
260 _aNew York
_bUNITED NATIONS
_c2011
300 _axvi, 86p.: ill.
350 _a0.00
362 1 _a<p>Bulletin Nos. 24; 25; 26; 27; 28; 29; 30, 31</p>
650 _aACCOUNTING--ASIA, WESTERN
650 0 _aACCOUNTING--HANDBOOKS, MANUALS, ETC
995 _FCBU-MAIN LIBRARY (Kitwe)
_I0.00
_M1
_UAVAILABLE
_WJun 26, 2012
_XInternational Conference on the Great Lakes Region
_ZInternational Publications
999 _c51904
_d51904